[Event "EICC 2017"]
[Site "Minsk"]
[Date "2017.06.01"]
[Round "3"]
[White "Arabidze, Meri"]
[Black "Ter-Sahakyan, Samvel"]
[Result "1/2-1/2"]
[WhiteElo "2374"]
[BlackElo "2598"]
[Annotator "TA"]
[PlyCount "60"]
[EventDate "2017.??.??"]
[EventCountry "BLR"]
[SourceTitle "playchess.com"]
[Source "ChessBase"]
[SourceQuality "1"]

{[%evp 9,60,33,25,33,32,35,32,29,39,23,34,0,8,3,11,1,11,0,0,0,19,19,21,19,19,19,19,19,37,35,25,25,48,0,43,48,37,44,48,49,60,63,85,62,82,77,68,0,74,0,82,0,82]} 1. d4 Nf6 2. c4 e6 3. Nf3 d5 4. Nc3 a6 5. cxd5 exd5 6. Bg5 {D37: Queen's Gambit Declined: 5 Bf4} (6. Bf4 Bd6 7. Bg3 O-O 8. e3 Bf5 9. Qb3 Bxg3 10. hxg3 Nc6 11. Be2 Qd6 12. O-O Ne7 13. Ne5 h5 {0-1 (39) Karjakin,S (2783)-Adams,M (2761) Shamkir 2017}) 6... Be6 7. e3 Nbd7 8. Bd3 {White is slightly better.} Bd6 9. Qc2 h6 10. Bh4 O-O 11. O-O Re8 12. Rab1 $146 ({Predecessor:} 12. Rad1 c6 13. Bh7+ Kh8 {½-½ (65) Quintiliano Pinto,R (2491)-Carneiro,V (2426) Rio de Janeiro 2017}) 12... c6 13. Rfe1 Qc7 14. Bg3 Rac8 15. Bxd6 Qxd6 16. h3 c5 17. dxc5 Nxc5 18. Red1 b5 {[%cal Bb7b5,Bb5b4][%mdl 32]} 19. Qd2 Qb6 20. Nd4 Bd7 21. Bf5 b4 22. Bxd7 Ncxd7 23. Nce2 Ne4 24. Qe1 Ndf6 25. Rbc1 Rc4 26. Nf4 {[#] Threatens to win with Nxd5!} Qb7 27. Nb3 {Strongly threatening Na5.} Qb5 28. Nd4 Qb7 $1 29. Nb3 {And now Na5 would win.} Qb5 $1 30. Nd4 Qb7 $1 {Precision: White = 63%, Black = 57%.} 1/2-1/2

[Event "EICC 2017"]
[Site "Minsk"]
[Date "2017.06.01"]
[Round "3"]
[White "Erenberg, Ariel"]
[Black "Indjic, Aleksandar"]
[Result "1-0"]
[WhiteElo "2370"]
[BlackElo "2587"]
[Annotator "TA"]
[PlyCount "103"]
[EventDate "2017.??.??"]
[EventCountry "BLR"]
[SourceTitle "playchess.com"]
[Source "ChessBase"]
[SourceQuality "1"]

{[%evp 13,103,44,62,31,36,30,48,46,54,37,27,20,30,19,12,0,0,0,58,54,48,45,76,76,101,68,72,60,79,59,87,79,101,106,88,92,94,95,100,94,108,108,98,106,113,105,100,23,23,22,23,23,23,22,19,10,44,30,37,37,30,30,30,0,30,30,23,0,0,0,2,3,155,146,191,190,191,148,186,200,364,366,465,464,455,441,751,745,852,833,1081,847]} 1. d4 d6 2. Nf3 g6 3. c4 Bg7 4. Nc3 Nf6 5. e4 O-O 6. Be2 c5 7. O-O Re8 8. h3 {E91: King's Indian: Classical: 6 Be2, unusual replies including 6...c5 and 6...Bg4} (8. Re1 cxd4 9. Nxd4 Nc6 10. Be3 Nxd4 11. Bxd4 Bd7 12. Qd2 Bc6 13. f3 a5 14. b3 Nd7 15. Bf1 Bxd4+ 16. Qxd4 {0-1 (47) Artemiev,V (2676)-Morozevich,A (2692) Moscow 2015}) 8... cxd4 9. Nxd4 Nbd7 10. Be3 {White is slightly better.} b6 11. Qc2 Bb7 12. Rfd1 Rc8 13. b3 $146 ({Predecessor:} 13. Rac1 a6 14. Qb1 e6 15. Nf3 Qc7 {½-½ (63) Menna Barreto,F (2247)-Supi,L (2414) Florianopolis 2015}) 13... a6 14. a4 e6 15. Rac1 d5 ({Better is} 15... Rc7 $11) 16. exd5 $14 exd5 17. Bf3 Ba8 18. Qe2 {[%cal Rc4d5]} Ne4 19. Nxe4 dxe4 20. Bg4 {aiming for Bxd7.} Rc7 $1 21. Bxd7 (21. a5 $5 bxa5 22. c5 $14) 21... Rxd7 22. Nc2 f5 23. Rxd7 Qxd7 24. Rd1 Qc7 25. Qd2 Be5 26. g3 a5 27. Qd7 Qxd7 28. Rxd7 Bc6 29. Rd2 Rb8 30. Bf4 (30. Nd4 $16 Be8 31. Ne6) 30... Bxf4 $11 31. gxf4 {[%mdl 4096] Endgame KRB-KRN} Kf7 32. Kf1 Ke7 33. Ke2 Rg8 34. h4 h6 35. Ke3 Rf8 36. Nd4 Bd7 37. Ne2 Bc6 38. Nd4 Rf6 39. Rd1 Bd7 40. f3 exf3 41. Nxf3 Bc6 42. Ne5 Be4 $2 (42... Re6 $11) 43. Rd7+ $1 $16 Ke8 {[#]} 44. Kd4 $1 Re6 {Threatens to win with ...Rxe5!} 45. Rg7 Rd6+ {[#]} 46. Kc3 $1 Rd1 $2 (46... g5 {is a better defense.}) 47. Rxg6 $18 Rh1 48. Rxb6 {White is clearly winning.} Kd8 49. Rxh6 Rh3+ (49... Rf1 $142 50. Kd4 Rxf4 51. Rh8+ Kc7 52. Rh7+ Kd8 53. Nf7+ Kc7 54. Ne5+ Kd8 55. Rh8+ Kc7 56. Rh7+) 50. Kd4 Rxb3 51. h5 Ra3 52. Re6 {Precision: White = 65%, Black = 51%.} 1-0

[Event "EICC 2017"]
[Site "Minsk"]
[Date "2017.06.01"]
[Round "3"]
[White "Apryshko, Gleb"]
[Black "Predke, Alexandr"]
[Result "1/2-1/2"]
[WhiteElo "2368"]
[BlackElo "2566"]
[Annotator "TA"]
[PlyCount "33"]
[EventDate "2017.??.??"]
[EventCountry "BLR"]
[SourceTitle "playchess.com"]
[Source "ChessBase"]
[SourceQuality "1"]

{[%evp 22,33,27,0,76,82,66,0,0,-7,6,4,93,26]} 1. e4 c5 2. Nf3 d6 3. d4 cxd4 4. Nxd4 Nf6 5. Nc3 Nc6 6. Bg5 e6 7. Qd2 Be7 8. O-O-O O-O 9. f4 Nxd4 10. Qxd4 Qa5 11. Kb1 Rd8 12. Be2 (12. Qd2 $5 {[%cal Rc3d5]}) 12... e5 {B65: Sicilian: Richter-Rauzer: 7...Be7 8 0-0-0 0-0 9 f4 Nxd4} (12... h6 $11 {keeps the balance.} 13. Bh4 e5 14. fxe5 dxe5) (12... Bd7 13. Rhe1 Rac8 14. Bf3 h6 15. Bh4 b5 16. e5 Rc4 17. Qd2 b4 18. Ne4 dxe5 19. Qe2 Qc7 20. Nxf6+ gxf6 21. Be4 Rxe4 22. Qg4+ {½-½ (22) Spreemann,R (2462)-Dietrich,U (2434) Remote email 2014}) 13. Qd2 $16 exf4 14. Nd5 (14. Bxf4 $14 Qc7 15. a3) 14... Qxd2 $11 15. Nxe7+ Kf8 16. Rxd2 Kxe7 (16... Nxe4 $11 17. Rd5 Nxg5) 17. Rhd1 $146 (17. Bf3 $16) ({Predecessor:} 17. Bf3 h6 18. Bxf4 g5 19. Bg3 Be6 20. Re1 {0-1 (43) Lang,M (2221)-Erdmann,S (2199) Germany 2009}) 1/2-1/2

[Event "EICC 2017"]
[Site "Minsk"]
[Date "2017.06.01"]
[Round "3"]
[White "Bartel, Michal"]
[Black "Kryakvin, Dmitry"]
[Result "0-1"]
[WhiteElo "2361"]
[BlackElo "2560"]
[Annotator "TA"]
[PlyCount "89"]
[EventDate "2017.??.??"]
[EventCountry "BLR"]
[SourceTitle "playchess.com"]
[Source "ChessBase"]
[SourceQuality "1"]

{[%evp 13,89,14,16,12,17,0,0,0,0,0,0,-48,-28,-62,-57,-65,-62,-102,-124,-134,-133,-125,-134,-173,-158,-163,-115,-119,-68,-140,-139,-134,-142,-136,-145,-143,-143,-231,-217,-226,-219,-214,-211,-205,-205,-241,-227,-240,-251,-304,-301,-308,-307,-306,-306,-297,-297,-304,-304,-318,-326,-321,-302,-313,-313,-442,-405,-518,-508,-507,-485,-12840,-12840,-12839,-12839,-29989,-29990,-29994]} 1. e4 c5 2. Nf3 e6 3. d4 cxd4 4. Nxd4 Nc6 5. Nc3 d6 6. Nb3 Nf6 7. Bd3 Be7 8. O-O {B80: Sicilian Scheveningen: 6 g3 and 6 Be3, including English Attack} O-O 9. f4 (9. Be3 a6 10. Kh1 b5 11. f4 Bb7 12. Qf3 Nb4 13. a3 Nxd3 14. cxd3 Nd7 15. Nd4 Rc8 {1-0 (28) Shanava,K (2519)-Radovanovic,N (2416) Ordu 2017}) 9... a5 10. a4 {The position is equal.} e5 11. f5 $146 ({Predecessor:} 11. Kh1 Nb4 12. Qe2 Bg4 13. Qf2 Be6 14. Nd2 Ng4 15. Qe2 exf4 {0-1 (78) Serrano Bozada,E (2108)-Llaneza Vega,P (2249) Calvia 2007}) 11... Nb4 12. Bc4 Qc7 13. Bd5 Bd7 $36 {[%mdl 2048] Black fights for an advantage.} 14. Be3 Rfc8 15. Rf2 Nbxd5 16. Nxd5 Nxd5 17. Qxd5 Qc6 18. Nc1 Qxd5 19. exd5 Bf6 20. Ra2 e4 ({Better is} 20... b5 $17 21. axb5 Bxb5) 21. Kf1 ({White should play} 21. Nb3 $15) 21... b5 $17 22. axb5 Bxb5+ 23. Kg1 a4 24. Rd2 h5 25. Ne2 (25. c3 $17) 25... Bc4 $19 26. b3 axb3 27. Rxa8 Rxa8 28. cxb3 Bxb3 29. Bf4 Bc4 30. Kf2 Ra3 31. Ng3 Bc3 32. Nxe4 Bxd2 33. Nxd2 {[%mdl 4096] Endgame KRB-KBN} Ra2 34. Ke3 Bxd5 35. g3 Ra6 36. Kd4 Bb7 37. Nc4 Ra4 38. Kc3 d5 {[%cal Bd6d5,Bd5d4,Bd4d3,Bd3d2][%mdl 32]} 39. Nb6 (39. Nd6 {was worth a try.} Bc6 40. Be3) 39... d4+ 40. Kd3 Rb4 41. Nd7 Ba6+ 42. Ke4 (42. Kd2 $142) 42... d3+ 43. Ke3 Rb2 44. Nc5 d2 45. Kd4 {Precision: White = 28%, Black = 90%.} 0-1

[Event "EICC 2017"]
[Site "Minsk"]
[Date "2017.06.01"]
[Round "3"]
[White "Birnboim, Nathan"]
[Black "Chigaev, Maksim"]
[Result "0-1"]
[WhiteElo "2358"]
[BlackElo "2559"]
[Annotator "TA"]
[PlyCount "104"]
[EventDate "2017.??.??"]
[EventCountry "BLR"]
[SourceTitle "playchess.com"]
[Source "ChessBase"]
[SourceQuality "1"]

{[%evp 39,104,-33,-7,-162,-146,-179,-180,-222,-72,-156,-124,-266,-217,-477,-475,-416,-475,-413,-548,-522,-498,-559,-559,-504,-503,-531,-528,-589,-708,-761,-754,-677,-564,-739,-743,-708,-731,-696,-654,-868,-823,-1306,-1072,-1193,-1064,-954,-939,-1897,-1870,-1790,-1770,-29981,-29982,-29982,-29983,-29983,-29984,-29985,-29986,-29986,-29987,-29987,-29988,-29989,-29989,-29988,-29989]} 1. d4 Nf6 2. c4 e6 3. Nf3 c5 4. d5 exd5 5. cxd5 g6 6. Nc3 d6 7. g3 Bg7 8. Bg2 O-O 9. O-O Re8 10. Nd2 a6 11. a4 Nbd7 12. h3 Rb8 13. Nc4 Ne5 14. Na3 Nh5 15. e4 Bd7 16. a5 {A64: Modern Benoni: Fianchetto Variation: 9...Nbd7 10 Nd2 a6 11 a4 Re8} Qxa5 (16... b5 17. axb6 Bb5 18. Naxb5 axb5 19. Nxb5 Qxb6 20. Na3 Qb3 21. g4 Nf6 22. Qxb3 Rxb3 23. Rd1 h6 {0-1 (58) Ponomariov,R (2756)-Bacrot,E (2723) Elancourt 2013}) 17. g4 Nf6 18. f4 Nexg4 19. hxg4 Nxg4 20. Bf3 h5 {[%cal Bh7h5,Bh5g4][%mdl 1056] LiveBook: 4 Games. Black has compensation.} 21. Kg2 $2 (21. f5 $1 $11) 21... b5 $19 {[%cal Bb7b5,Bb5b4][%mdl 32] [#] ...b4 is the strong threat.} 22. Nc2 Qd8 23. Rh1 $146 ({Predecessor:} 23. Ne3 b4 {0-1 (37) Sadzikowski,D (2457)-Wieczorek,O (2378) Wroclaw 2013}) 23... f5 (23... b4 $19 24. Nb1 b3) 24. Bxg4 (24. exf5 $142 Bxf5 25. Qd2) 24... hxg4 25. e5 (25. Rxa6 $17 {only move.} b4 26. Ne2) 25... b4 26. Ne2 $2 (26. e6 bxc3 27. bxc3) 26... dxe5 27. Rxa6 Bb5 28. Rxg6 {[#] Black must now prevent Ng3.} Bxe2 $1 29. Qxe2 Qxd5+ 30. Kg1 {Threatens to win with Ne3.} exf4 31. Qf1 Kf7 32. Rxg7+ Kxg7 33. Bxf4 Rh8 34. Rxh8 Rxh8 35. Qe2 Kf7 36. Ne3 Qe4 37. Qc4+ Qxc4 38. Nxc4 Ke6 39. Be3 Rh3 40. Kg2 Kd5 41. Nb6+ Kc6 42. Nc4 b3 43. Bf2 Kd5 44. Nb6+ Ke4 45. Bxc5 f4 {Black mates.} 46. Bd6 Rh6 47. Nc4 g3 48. Nd2+ Kf5 49. Bb4 Kg4 50. Nf3 Re6 51. Nd4 f3+ 52. Kf1 Rh6 {Precision: White = 22%, Black = 71%.} 0-1

[Event "EICC 2017"]
[Site "Minsk"]
[Date "2017.06.01"]
[Round "3"]
[White "Teclaf, Pawel"]
[Black "Boruchovsky, Avital"]
[Result "0-1"]
[WhiteElo "2358"]
[BlackElo "2557"]
[Annotator "TA"]
[PlyCount "70"]
[EventDate "2017.??.??"]
[EventCountry "BLR"]
[SourceTitle "playchess.com"]
[Source "ChessBase"]
[SourceQuality "1"]

{[%evp 23,70,33,38,0,0,0,0,0,0,0,0,0,0,0,0,0,0,0,0,-35,-33,-106,-109,-262,-265,-270,-274,-277,-263,-245,-246,-233,-147,-532,-527,-624,-602,-802,-777,-767,-764,-712,-600,-600,-590,-12836,-12836,-29982,-29983]} 1. e4 e5 2. Nf3 Nc6 3. Bb5 a6 4. Ba4 Nf6 5. O-O Be7 6. Re1 b5 7. Bb3 d6 8. c3 O-O 9. h3 Bb7 10. d4 Nd7 {C92: Closed Ruy Lopez: 9...Be6, Karpov and Flohr-Zaitsev Variations} 11. a4 Na5 12. Bc2 c5 {LiveBook: 29 Games. White is slightly better.} 13. dxc5 dxc5 14. Nbd2 {[#]} c4 $146 ({Predecessor:} 14... Qc7 15. Nf1 Nc4 16. Qe2 Nd6 17. Ne3 Rae8 18. axb5 axb5 {0-1 (42) Findlay,I (2257)-Shankland,S (2646) Edmonton 2016}) 15. Nf1 Nc5 16. Qxd8 Rfxd8 17. axb5 axb5 18. Nxe5 Nab3 19. Rxa8 Rxa8 20. Be3 f6 $36 {[%mdl 2048] Black has good play.} 21. Nf3 Ra2 $1 {[%cal Ra2b2]} ({Reject} 21... Nxe4 22. Nd4 $14) 22. Rb1 ({Better is} 22. Rd1 $15) 22... Na1 $17 23. Bxc5 $2 {[#]} (23. Rc1 $17 {is a better defense.}) 23... Bxc5 $19 24. Bd1 Bxe4 25. Rc1 Nb3 26. Bxb3 cxb3 27. N1d2 Bc2 28. Re1 $2 {[%mdl 8192]} (28. Ne1 $17 {nothing else works.}) 28... Kf7 29. Nd4 Rxb2 30. Nc6 Bd3 31. Nd8+ Kg6 32. Ne6 Rxd2 33. Nxc5 Bc2 {[#] Threatens to win with ...b2.} 34. Ne4 Bxe4 35. Rxe4 Rd1+ {Precision: White = 39%, Black = 95%.} 0-1

[Event "EICC 2017"]
[Site "Minsk"]
[Date "2017.06.01"]
[Round "3"]
[White "Buksa, Nataliya"]
[Black "Forcen Esteban, Daniel"]
[Result "1/2-1/2"]
[WhiteElo "2344"]
[BlackElo "2545"]
[Annotator "TA"]
[PlyCount "119"]
[EventDate "2017.??.??"]
[EventCountry "BLR"]
[SourceTitle "playchess.com"]
[Source "ChessBase"]
[SourceQuality "1"]

{[%evp 29,119,4,18,0,68,73,85,76,98,97,96,110,96,-42,-10,-34,-26,-77,-81,-233,-215,-269,-279,-267,-265,-219,-3,-6,-6,-10,-8,-202,-16,-200,-206,-209,-213,-214,-206,-436,-436,-430,-432,-415,-379,-528,-437,-429,-418,-390,-397,-500,-517,-543,-536,-589,-584,-536,-554,-507,0,0,0,0,0,0,0,0,0,0,0,0,0,0,0,0,0,0,36,0,0,0,0,0,0,0,0,0,0,0,0,0]} 1. e4 c5 2. Nf3 d6 3. d4 cxd4 4. Nxd4 Nf6 5. Nc3 a6 6. Be2 e6 7. O-O Be7 8. Be3 O-O 9. f4 Nc6 10. Kh1 Bd7 11. Qe1 Nxd4 12. Bxd4 Bc6 13. Qg3 b5 14. a3 Qc7 15. Rae1 Rad8 16. Bd3 {B85: Sicilian Scheveningen: 6 Be2 a6, lines with early Be3} (16. Bf3 Qb7 17. Nd1 d5 18. e5 Ne4 19. Bxe4 dxe4 20. c3 f5 21. exf6 Bxf6 22. Bxf6 Rxf6 23. Ne3 Rd3 24. Qf2 Rf8 25. Ng4 Rf5 26. Ne3 Rf8 27. Ng4 Rf5 28. Ne3 {½-½ (28) Khairullin,I (2647)-Bukavshin,I (2657) Khanty-Mansiysk 2015}) 16... Nh5 (16... Qb7 $11) 17. Qh3 $1 $14 {[%cal Rh3h5]} g6 18. f5 $1 {[%cal Rf5f6] White is better.} e5 19. Be3 Qb7 {[#]} 20. Bh6 $146 ({Predecessor:} 20. Rf3 Bf6 21. Ref1 Kg7 22. Qg4 Nf4 23. Bxf4 h5 24. Bh6+ Kxh6 25. Qh3 Qe7 {½-½ (54) Heberla,B (2541)-Klekowski,M (2439) Poland 2016}) 20... Rfe8 21. g4 (21. Nd5 $16) 21... Nf4 $15 22. Bxf4 exf4 23. Rxf4 (23. Qh6 $11) 23... Bg5 $17 24. Rf2 $2 (24. Rff1 $17 {keeps fighting.}) 24... d5 $1 $19 {[%cal Rd5e4]} 25. Rfe2 dxe4 26. Nxe4 Rd4 $1 27. Qf3 Kh8 $2 (27... Re7 $1 $19 28. c3 Rd8) 28. Kg1 $1 $11 {Black must now prevent fxg6.} Bh4 $36 {[%mdl 2048] Black is pushing.} 29. fxg6 $1 Qa7 30. gxf7 $2 {[#]} (30. Kf1 $1 $11 {and White has nothing to worry.} hxg6 31. Qf4 $1 {[%mdl 512]}) 30... Rdxe4+ $2 ({Not} 30... Rf8 31. Qe3 $15) ({Black should play} 30... Rxd3+ $1 $19 31. Re3 Rf8) 31. Re3 $2 (31. Kf1 $11 Rf8 32. Bxe4 Rxf7 33. Bxc6 Rxf3+ 34. Bxf3 Bxe1 35. Rxe1) 31... Rf8 $19 32. Bxe4 Rxf7 33. Qxf7 Qxf7 34. R1e2 $2 (34. Bxc6 Bxe1 35. Rxe1) 34... Bxe4 35. Rxe4 Qf3 36. Re8+ Kg7 37. c3 Kf7 38. R8e3 Qxg4+ 39. Kh1 h5 40. h3 Qf5 41. Kg2 {Rf3 is the strong threat.} Qd5+ 42. Kh2 a5 43. Re4 Qd6+ 44. Kg1 Qg3+ $2 (44... a4 $19 {aiming for ...Qd3.} 45. Kf1 Qd1+ 46. Kg2 Qd5) 45. Rg2 $11 Qxh3 46. Rh2 $1 {[%cal Rh2h3]} Qf5 ({Resist} 46... Qg3+ 47. Rg2 $17) 47. Rhxh4 {[%mdl 4096] Endgame KQ-KRR} Qg5+ 48. Kf2 Qc1 49. Re2 Kg6 50. Rhe4 Qh1 51. Kg3 (51. a4 $5 {[%cal Ra4b5]} Qh2+ 52. Ke1 Qg3+ 53. Kd1 $11) 51... Qg1+ 52. Rg2 Qh1 53. Rh4 Qe1+ 54. Kh2+ Kh6 {The position is equal.} 55. Rd4 Qe5+ 56. Kh3 Qe6+ 57. Kg3 Qe3+ 58. Kh2 Qe5+ 59. Kh3 Qe6+ 60. Kh2 {Precision: White = 46%, Black = 72%.} 1/2-1/2